Normal view
MARC view
- Psicomotricidad
Entry Materia
Number of records used in: 411
001 - NÚMERO DE CONTROL DEL REGISTRO
- campo de control: 5010
003 - IDENTIFICADOR DE NUMERO DE CONTROL
- campo de control: UPN
005 - FECHA Y HORA DE LA ÚLTIMA TRANSACCIÓN
- campo de control: 20220913115616.0
008 - DATOS DE LONGITUD FIJA
- campo de control de longitud fija: 220913n||acznnbabn | ana |d
035 ## - NÚMERO DE CONTROL DEL SISTEMA
- Número de control del sistema: UPN10000005010
040 ## - FUENTE DE LA CATALOGACIÓN
- Centro catalogador de origen: UPN
- Lengua de catalogación: spa
- Agencia de transcripción: UPN
046 ## - FECHAS CON CODIFICACIÓN ESPECIAL
- Fecha final para contenidos agregados: 2022
053 #4 - NÚMERO CLASIFICADOR - BIBLIOTECA DEL CONGRESO (LC)
- Elemento numérico de la clasificación - Número único o no. inicial del rango: BF295
150 ## - ENCABEZAMIENTO - TEMÁTICO
- Término de materia o nombre geográfico como elemento inicial: Psicomotricidad
450 ## - VÉASE - MATERIA
- Encabezamiento temático: Desarrollo psicomotor
450 ## - VÉASE - MATERIA
- Encabezamiento temático: Evolución psicomotora
450 ## - VÉASE - MATERIA
- Encabezamiento temático: Desarrollo psicomotriz
670 ## - FUENTE EN LA QUE SE LOCALIZARON DATOS
- Cita de la fuente: A/T
- Información localizada: Tesauro Isoc
902 ## - CATALOGADOR
- Catalogador: CAA/240197
